000 00791pam a2200241 a 4500
001 3013932
005 20180131035758.0
008 940325s1994 ksu b 001 0 eng
010 _a 94013557
020 _a0700606408 (alk. paper)
040 _aDLC
_cDLC
_dDLC
041 _aeng
043 _an-usc--
080 _a331.40977 chr
082 0 0 _a331.40977 chr
_220
100 1 _a52
101 _aeco
245 1 0 _aGetting by :
_cChristina E. Gringeri.
504 _aIncludes bibliographical references (p. 187-193) and index.
906 _a7
_bcbc
_corignew
_d1
_eocip
_f19
_gy-gencatlg
942 _2ddc
_cBK
999 _c41335
_d41335